| 000 | 00730nam a2200241 a 4500 | ||
|---|---|---|---|
| 001 | 000022597 | ||
| 003 | DO-SdBNP | ||
| 005 | 20180403141515.0 | ||
| 007 | 000022597 | ||
| 008 | 101013s2001 dr 000 0 spa d | ||
| 040 |
_aBPMSU _bspa _cBPMSU |
||
| 082 |
_aRD864.44 _bC352v |
||
| 100 | 1 |
_aCastillo, Alfredo del _d1934- |
|
| 245 | 1 | 0 |
_aVivencias y verdades / _cAlfredo del Castillo. |
| 260 |
_aSanto Domingo : _bCentenario, _c2001. |
||
| 300 |
_a299 p. ; _c23 cm. |
||
| 590 | _aLa biblioteca posee 2 ejemplares autografiados por el autor | ||
| 650 | 4 | _aEnsayos dominicanos | |
| 650 | 4 | _aLiteratura dominicana | |
| 942 |
_2ddc _cBK |
||
| 945 | _aTÃtulo remanejado para BNPHU | ||
| 956 |
_aVMATEO _b10 _c20150508 _lBPMUSU _h00151 |
||
| 999 |
_c7838 _d7838 |
||